000 00424nam a2200169Ia 4500
001 22175
003 IN-NITTTR
005 20251114233251.0
008 251113s9999||||xx |||||||||||||| ||eng||
040 _beng
040 _cIN-NITTTR
041 _aeng
082 _a621.38833 B35S
100 _aBeeching, Steve
245 0 _aServicing videocassette recorders :
_b a servicing guide. /
_cBeeching, Steve
942 _2ddc
_cBK
999 _c24804
_d24804